| 000 | 00625cas a22002175a 4500 | ||
|---|---|---|---|
| 001 | L426 | ||
| 008 | 070608d19961997xxkmr p 0 a0eng | ||
| 035 | _a(Sirsi) u99041 | ||
| 041 | _aeng | ||
| 110 | 2 |
_aRoyal Institution of Chartered Surveyors _94900 |
|
| 245 | _aPipeline | ||
| 260 |
_aLondon _bRICS _c1996-1997 |
||
| 350 | _a0 | ||
| 362 | 0 | _aJanuary 1996-July/August 1997 | |
| 520 | _aProvides information for members on forthcoming panel activity. | ||
| 554 | _a12 per year | ||
| 651 | 4 |
_aUnited Kingdom _y |
|
| 690 | _aMANAGEMENT-BUSINESS MANAGEMENT-PROFESSIONAL PRACTICE | ||
| 942 | _n0 | ||
| 948 | _c19/02/1996 | ||
| 999 |
_c118629 _d118629 |
||